Statistics for Guess the Taylor Swift Song (no hints) 94

Click here to take the quiz!

General Stats

  • This quiz has been taken 47 times
  • The average score is 207 of 266

Answer Stats

Answer% Correct
I
100%
a
98%
A
98%
the
95%
you,
95%
"You
95%
You
95%
you
95%
it
93%
To
93%
to
93%
me
91%
say,
91%
we
91%
We
91%
your
91%
all
89%
All
89%
and
89%
And
89%
I'm
89%
is
89%
my
89%
On
89%
that
89%
too
89%
was
89%
"What
89%
You're
89%
(you're
89%
be
86%
ever
86%
in
86%
they
86%
They
86%
(they
86%
can
84%
from
84%
said
84%
This
84%
time
84%
nothing
82%
of
82%
as
80%
for
80%
up
80%
wanted
80%
way
80%
'Cause
77%
something
77%
something)
77%
sweet
77%
happens
75%
home
75%
just
75%
with
75%
coming
73%
coming)
73%
end
73%
mind"
73%
myself
73%
Everyone's
70%
(everyone's
70%
find
70%
poem
70%
should
70%
they're
70%
wrote
70%
Down
68%
kitchen
68%
last
68%
nothings
68%
out
68%
eye
66%
running
66%
humming)
64%
humming
64%
more"
64%
spy
64%
July
61%
little
61%
soft
61%
Tiny
61%
admit
59%
Does
59%
pebble
59%
picked
59%
tired
59%
firefly
57%
forgot
57%
other
57%
almost
55%
deep
55%
doing
55%
each
55%
implore,
55%
inside
55%
miss
55%
pocket
55%
push
55%
shoving)
55%
shoving
55%
sometimes?
55%
soul
55%
talking
55%
voices
55%
disruptors
50%
glad
50%
Industry
50%
smooth
50%
deconstructors
48%
handing
48%
hucksters
45%
Wicklow
45%
Outside,
43%
(outside,
43%

Score Distribution

Percentile by Number Answered

Percent of People with Each Score

Your Score History

You have not taken this quiz